| 000 | 00732cam a2200241 4500 | ||
|---|---|---|---|
| 001 | ABS62076 | ||
| 008 | 000000n2000 000 0 eng u | ||
| 035 | _a(Sirsi) u105078 | ||
| 100 | _aWhitmore, J. | ||
| 245 | _aFuture shock | ||
| 260 | _c2000 | ||
| 490 |
_aProperty Week _v65(12) 24 March 2000, 34-38(4) |
||
| 520 | _aAnalyses the possibilities for the property sector over the next five years with particular focus on takeovers and information technology. | ||
| 590 | _aABS | ||
| 650 | _aINTERNET | ||
| 650 | _aE-COMMERCE | ||
| 650 | _aPROPERTY MARKET | ||
| 650 | _aPROPERTY COMPANIES | ||
| 650 | _aSHARES | ||
| 650 | _aINVESTMENT | ||
| 690 | _aMANAGEMENT-BUSINESS MANAGEMENT-FINANCIAL MANAGEMENT | ||
| 942 | _n0 | ||
| 999 |
_c63020 _d63020 |
||